000 00473nam a2200169 i 4500
001 37630
003 ES-MaACL
005 20230906155620.0
007 t|
008 030221s1973 sp ||||1| spa d
100 1 _aBuxó Montesinos, Joaquín.
_932986
245 1 0 _aAfrica, invoco tu nombre /
_cJoaquín Buxo Montesinos.
250 _a[1ª ed.].
260 _a[Barcelona :
_bPicazo,
_c1973]
300 _a50 p., 4 lám. ;
_c20 cm.
852 _aES-MaACL
_jC-52021
_bR.85933
999 _c37630
_d37630